000 00441nam a2200145 4500
001 131507
003 ES-MaACL
007 t|
008 070214s1982 sp r ||||1| spa d
100 1 _aRodríguez Alcalde, Leopoldo.
_998327
245 1 0 _aMelodía del mármol /
_cLeopoldo Rodríguez Alcalde.
260 _aSantander :
_b[s.n.],
_c1982 (
_fArtes Gráf. Bedia)
300 _a57 p. :
_bil. ;
_c23 cm.
852 _aES-MaACL
_jL-7302
_bR.106726
999 _c131507
_d131507